| 000 | 00374nam a22001337a 4500 | ||
|---|---|---|---|
| 020 | _a9780471392002 | ||
| 040 | _cNUST | ||
| 082 |
_a621.366 _bLON |
||
| 100 |
_aHong K. Choi _9124005 |
||
| 245 | _aLong -Wavelength Infrared Semiconductor Lasers | ||
| 260 |
_aU.S.A: _bJohn Wiley, _c2004 |
||
| 650 |
_aLong -Wavelength Infrared Semiconductor Lasers _9123634 |
||
| 942 |
_2ddc _cBK |
||
| 999 |
_c609983 _d609983 |
||